000 00711cam a22002533a 4500
001 13190
003 PGUSA
005 20140828083302.0
008 040815s2004||||xxu|||||s|||||000 | eng d
040 _aPGUSA
_beng
042 _adc
050 4 _aHF
050 4 _aCC
100 1 _aGuibert, Louis,
_d1840-1904
245 1 0 _aDe l'importance des livres de raison au point de vue archéologique
_h[electronic resource] /
_cLouis Guibert
260 _bProject Gutenberg,
_c2004
506 _aPublic domain in the USA.
516 _aElectronic text
653 _aArchaeology
653 _aBookkeeping
830 0 _aProject Gutenberg
_v13190
856 4 0 _uhttp://www.gutenberg.org/ebooks/13190
942 _cEB
999 _c242445
_d242445